000 00335nam a2200133Ia 4500
008 240624s9999 xx 000 0 und d
041 _aeng
082 _a658.4 DRA
100 _aDRANOVE DAVID
245 _aKELLOGG ON STRATEGY
260 _c2008
_aNew Delhi
_bJohn Wiley and Sons
300 _a234 : p. : cm. ; 24
365 _cRS
_b33.33
999 _c12180
_d12180